[Event "26th Zadar Open 2019"]
[Site "Zadar"]
[Date "2019.12.19"]
[Round "6.5"]
[White "Stany, G.A."]
[Black "Saric, Ante"]
[Result "1/2-1/2"]
[WhiteElo "2526"]
[BlackElo "2556"]
[Annotator "TA"]
[PlyCount "109"]
[EventDate "2019.12.15"]
[EventType "swiss"]
[EventCountry "CRO"]
[SourceTitle "playchess.com"]
[Source "ChessBase"]
[SourceQuality "1"]

{[%evp 17,109,0,18,23,18,16,17,2,0,0,8,0,0,-37,-33,-43,-37,-87,41,20,33,28,31,23,26,38,51,12,68,61,97,75,122,110,114,118,114,122,113,118,120,117,127,118,114,79,85,48,36,10,28,16,28,-14,-14,-13,-15,-15,-16,-104,-112,-91,-47,-45,0,0,0,0,0,0,0,-6,-6,-7,0,0,0,0,0,0,0,0,0,0,0,0,0,0,0,0,0,0,0,0]} 1. e4 e6 2. d4 d5 3. e5 c5 4. c3 Nc6 5. Nf3 Bd7 6. Be2 Nge7 7. O-O cxd4 8. cxd4 Nf5 9. Nc3 Rc8 10. Bg5 {C02: French: Advance Variation} (10. a3 a6 11. Rb1 h6 12. Kh1 b5 13. Be3 Na5 14. Bd3 g6 15. Bc1 Nh4 16. Ne1 Nc4 17. Ne2 Nf5 18. Nc2 Na5 {1-0 (37) Rapport,R (2671)-Sandipan,C (2585) Abu Dhabi 2015}) 10... Qb6 {[%cal Rf5d4]} 11. Na4 Qa5 12. Bd2 Qd8 13. Bc3 $146 ({Predecessor:} 13. Bg5 Be7 14. Bxe7 Qxe7 15. Nc3 O-O {½-½ (26) Martin Molinero,R (2419)-Pessoa,F (2504) ICCF email 2016}) 13... b6 14. Rc1 Be7 15. a3 O-O 16. Ba6 Rc7 17. Bd3 {[#]} f6 (17... Ncxd4 $1 $17 {[%mdl 512]} 18. Nxd4 (18. Bxd4 Rxc1) 18... Nxd4 19. Bxd4 Rxc1 20. Qxc1 Bxa4) 18. Bxf5 $14 exf5 19. Re1 fxe5 20. dxe5 Be6 {White must now prevent ...b5.} 21. b4 Qd7 22. Bb2 Rfc8 ({Black should try} 22... d4 $1 $11) 23. Nc3 {[%cal Ba4c3,Bc3e2,Be2f4][%mdl 32] aiming for Nb5.} a6 24. Ne2 b5 25. Qd2 Nd8 26. Rxc7 Rxc7 27. Nf4 Rc4 28. Rd1 Nc6 29. g3 ({Don't take} 29. Nxd5 $6 Bxd5 30. Qxd5+ Qxd5 $14) 29... Kf7 30. h4 ({But not} 30. Nxd5 Bxd5 31. Qxd5+ Qxd5 $14) 30... h6 31. Qe2 ({Don't play} 31. Nxd5 $6 Qxd5 32. Qxd5 Bxd5 $11) 31... Re4 32. Qd3 (32. Qc2 {is more complex.} Rc4 33. Qb1 Bd8 34. Nd2 Bb6 35. Nxc4 bxc4 36. Qc2) 32... g5 33. hxg5 (33. Nxe6 {keeps more tension.} Qxe6 34. Nd4 Nxd4 35. Bxd4 g4 36. h5) 33... hxg5 34. Nxe6 Qxe6 35. Qxd5 Qxd5 36. Rxd5 g4 37. Nd2 $1 {[%cal Rd2e4]} Re1+ 38. Nf1 (38. Kg2 $11 {remains equal.}) 38... Ke6 $17 39. Rd3 Nxe5 40. Bxe5 Rxe5 {[%mdl 4096] Endgame KRB-KRN} 41. Ne3 {The position is equal.} Bg5 {Threatens to win with ...Bxe3.} 42. f4 gxf3 43. Kf2 f4 44. gxf4 Bxf4 {[#] Strongly threatening ...Rxe3.} 45. Kxf3 Bxe3 (45... Bg5 {looks sharper.} 46. Ng4 Rf5+ 47. Ke2 Rf4 48. Re3+ Kd7) 46. Rxe3 Rxe3+ 47. Kxe3 $11 {KPP-KPP} Ke5 48. Kd3 Kd5 49. Kc3 Ke4 50. Kb3 Kd3 51. a4 Kd4 52. axb5 axb5 53. Kc2 Kc4 54. Kb1 Kxb4 {( -> ...Kb3)} 55. Kb2 {Accuracy: White = 61%, Black = 61%.} 1/2-1/2

[Event "26th Zadar Open 2019"]
[Site "Zadar"]
[Date "2019.12.19"]
[Round "6.6"]
[White "Bratovic, Blaz"]
[Black "Bhambure, Shantanu"]
[Result "0-1"]
[WhiteElo "2359"]
[BlackElo "2340"]
[Annotator "ChessBase"]
[PlyCount "60"]
[EventDate "2019.12.15"]
[EventType "swiss"]
[EventCountry "CRO"]
[SourceTitle "playchess.com"]
[Source "ChessBase"]
[SourceQuality "1"]
[TimeControl "40/5400+30:1800+30"]

1. d4 {[%emt 0:00:30]} Nf6 {[%emt 0:00:30]} 2. c4 {[%emt 0:00:30]} e6 {[%emt 0:00:00]} 3. g3 {[%emt 0:00:30]} Bb4+ {[%emt 0:00:00]} 4. Bd2 {[%emt 0:00:30]} a5 {[%emt 0:00:30]} 5. Bg2 {[%emt 0:00:30]} O-O {[%emt 0:00:30]} 6. Nc3 {[%emt 0:06:30]} d6 {[%emt 0:07:30]} 7. e3 {[%emt 0:10:30]} e5 {[%emt 0:07:30]} 8. Nge2 {[%emt 0:00:30]} Re8 {[%emt 0:05:30]} 9. O-O {[%emt 0:00:30]} c6 {[%emt 0:03:30]} 10. Qc2 {[%emt 0:18:30]} Nbd7 {[%emt 0:08:30]} 11. a3 {[%emt 0:00:30]} Bxc3 {[%emt 0:00:30]} 12. Nxc3 {[%emt 0:00:30]} Nf8 {[%emt 0:11:30]} 13. h3 {[%emt 0:01:30]} e4 {[%emt 0:11:30]} 14. b4 {[%emt 0:04:30]} Be6 {[%emt 0:03:30]} 15. Ne2 {[%emt 0:00:30]} axb4 {[%emt 0:06:30]} 16. axb4 {[%emt 0:00:00]} d5 {[%emt 0:01:30]} 17. Nf4 {[%emt 0:02:00]} Bd7 {[%emt 0:02:30]} 18. Rxa8 {[%emt 0:02:30]} Qxa8 {[%emt 0:00:30]} 19. c5 {[%emt 0:00:30]} g5 {[%emt 0:05:30]} 20. Ne2 {[%emt 0:00:00]} Ng6 {[%emt 0:00:30]} 21. Bc3 {[%emt 0:00:00]} h5 {[%emt 0:00:30]} 22. Ra1 {[%emt 0:00:30]} Qc8 {[%emt 0:00:30]} 23. Kh2 {[%emt 0:00:30]} h4 {[%emt 0:00:00]} 24. gxh4 {[%emt 0:05:30]} Nxh4 {[%emt 0:01:00]} 25. Rg1 {[%emt 0:00:30]} Kg7 {[%emt 0:07:16]} 26. Bh1 {[%emt 0:06:30]} Qb8+ {[%emt 0:01:51]} 27. Ng3 {[%emt 0:01:30]} Rh8 {[%emt 0:00:55]} 28. Qd1 {[%emt 0:00:30]} Bxh3 {[%emt 0:04:14]} 29. f3 {[%emt 0:04:30]} Nxf3+ {[%emt 0:01:32]} 30. Bxf3 {[%emt 0:00:30]} Bg4+ {[%emt 0:00:59]} 0-1

[Event "26th Zadar Open 2019"]
[Site "Zadar"]
[Date "2019.12.19"]
[Round "6.7"]
[White "Dixit, Nikhil"]
[Black "Nguyen, Piotr"]
[Result "1-0"]
[WhiteElo "2318"]
[BlackElo "2413"]
[Annotator "RC"]
[PlyCount "85"]
[EventDate "2019.12.15"]
[EventType "swiss"]
[EventCountry "CRO"]
[SourceTitle "playchess.com"]
[Source "ChessBase"]
[SourceQuality "1"]
[TimeControl "40/5400+30:1800+30"]

1. e4 {[%emt 0:03:30]} c5 {[%emt 0:00:30]} 2. Nf3 {[%emt 0:00:30]} g6 {[%emt 0:00:00]} 3. d4 {[%emt 0:00:30]} cxd4 {[%emt 0:00:00]} 4. Qxd4 {[%emt 0:00:30]} Nf6 {[%emt 0:00:30]} 5. Bb5 {[%emt 0:00:00]} a6 {[%emt 0:00:30]} 6. Ba4 {[%emt 0:01:00]} b5 {[%emt 0:01:30]} 7. Bb3 {[%emt 0:00:30]} Nc6 {[%emt 0:01:30]} 8. Qd3 {[%emt 0:02:30]} Bg7 {[%emt 0:14:30]} 9. O-O {[%emt 0:07:30]} O-O {[%emt 0:00:30]} 10. Nc3 {[%emt 0:01:30]} Bb7 {[%emt 0:09:30]} 11. Re1 {[%emt 0:13:30]} d6 {[%emt 0:05:30]} 12. Bg5 {[%emt 0:01:30]} Rc8 {[%emt 0:23:30]} 13. Nd5 {[%emt 0:10:30]} e6 {[%emt 0:02:30]} 14. Nxf6+ {[%emt 0:07:30]} Bxf6 {[%emt 0:00:30]} 15. Qe3 {[%emt 0:01:30]} Na5 {[%emt 0:06:30]} 16. c3 {[%emt 0:05:30]} Nc4 {[%emt 0:03:30]} 17. Bxf6 {[%emt 0:07:30]} Qxf6 {[%emt 0:00:30]} 18. Bxc4 {[%emt 0:00:30]} Rxc4 {[%emt 0:00:30]} 19. Nd2 {[%emt 0:00:00]} Rc5 {[%emt 0:03:30]} 20. Nb3 {[%emt 0:02:00]} Re5 {[%emt 0:03:30]} 21. Qd4 {[%emt 0:02:30]} Qf4 {[%emt 0:06:36]} 22. Qxd6 {[%emt 0:05:30]} Rxe4 {[%emt 0:00:38]} 23. Qxf4 {[%emt 0:00:30]} Rxf4 {[%emt 0:00:03]} 24. Nc5 {[%emt 0:00:30]} Rb8 {[%emt 0:01:31]} 25. Red1 {[%emt 0:03:30]} Rc4 {[%emt 0:06:37]} 26. Nd7 {[%emt 0:00:30]} Rbc8 {[%emt 0:06:14]} 27. Nb6 {[%emt 0:01:30]} Bd5 {[%emt 0:00:40]} 28. Nxc8 {[%emt 0:00:30]} Rxc8 {[%emt 0:00:03]} 29. Rd4 {[%emt 0:00:30]} Bc6 {[%emt 0:01:46]} 30. f4 {[%emt 0:00:30]} Bd5 {[%emt 0:00:53]} 31. a4 {[%emt 0:01:30]} Kg7 {[%emt 0:00:49]} 32. axb5 {[%emt 0:04:28]} axb5 {[%emt 0:00:02]} 33. Ra5 {[%emt 0:00:23]} Rc5 {[%emt 0:00:39]} 34. Ra7 {[%emt 0:03:24]} Kf6 {[%emt 0:00:33]} 35. Kf2 {[%emt 0:00:14]} h5 {[%emt 0:00:27]} 36. g3 {[%emt 0:00:28]} e5 {[%emt 0:00:49]} 37. fxe5+ {[%emt 0:00:49]} Kxe5 {[%emt 0:00:02]} 38. Ke3 {[%emt 0:00:53]} Be6 {[%emt 0:01:04]} 39. Rb7 {[%emt 0:03:04]} Bd5 {[%emt 0:00:28]} 40. Rb6 {[%emt 0:01:00]} Bc6 {[%emt 0:00:33]} 41. Kd2 {[%emt 0:02:17]} Bd5 {[%emt 0:11:03]} 42. b4 {[%emt 0:01:30]} Rc4 {[%emt 0:00:30]} 43. Kd3 {[%emt 0:01:30]} 1-0

[Event "26th Zadar Open 2019"]
[Site "Zadar"]
[Date "2019.12.19"]
[Round "6.8"]
[White "Peng, Hongchi"]
[Black "Rudolf, Michal"]
[Result "0-1"]
[WhiteElo "2271"]
[BlackElo "2328"]
[Annotator "ChessBase"]
[PlyCount "64"]
[EventDate "2019.12.15"]
[EventType "swiss"]
[EventCountry "CRO"]
[SourceTitle "playchess.com"]
[Source "ChessBase"]
[SourceQuality "1"]
[TimeControl "40/5400+30:1800+30"]

1. d4 {[%emt 0:00:30]} Nf6 {[%emt 0:00:30]} 2. c4 {[%emt 0:00:00]} e6 {[%emt 0:00:30]} 3. Nc3 {[%emt 0:00:00]} Bb4 {[%emt 0:00:30]} 4. f3 {[%emt 0:00:30]} d5 {[%emt 0:00:30]} 5. a3 {[%emt 0:00:00]} Be7 {[%emt 0:01:30]} 6. e4 {[%emt 0:00:00]} dxe4 {[%emt 0:00:30]} 7. fxe4 {[%emt 0:00:00]} e5 {[%emt 0:00:30]} 8. d5 {[%emt 0:03:00]} Bc5 {[%emt 0:00:30]} 9. Nf3 {[%emt 0:01:30]} Bg4 {[%emt 0:02:30]} 10. Qa4+ {[%emt 0:07:30]} Nbd7 {[%emt 0:00:30]} 11. Bd2 {[%emt 0:14:30]} O-O {[%emt 0:01:30]} 12. O-O-O {[%emt 0:01:30]} Bd4 {[%emt 0:04:30]} 13. Qc2 {[%emt 0:04:30]} c6 {[%emt 0:03:30]} 14. Be2 {[%emt 0:13:30]} Rc8 {[%emt 0:13:30]} 15. Bg5 {[%emt 0:02:30]} Bxc3 {[%emt 0:07:30]} 16. dxc6 {[%emt 0:00:30]} bxc6 {[%emt 0:10:30]} 17. bxc3 {[%emt 0:09:30]} Qa5 {[%emt 0:01:30]} 18. a4 {[%emt 0:01:30]} Rb8 {[%emt 0:03:30]} 19. Kd2 {[%emt 0:05:30]} Nc5 {[%emt 0:06:30]} 20. Bxf6 {[%emt 0:00:30]} gxf6 {[%emt 0:00:30]} 21. Ke1 {[%emt 0:00:30]} Nxa4 {[%emt 0:01:30]} 22. Kf2 {[%emt 0:03:30]} Rb2 {[%emt 0:02:30]} 23. Qc1 {[%emt 0:00:30]} Qxc3 {[%emt 0:04:30]} 24. Rd6 {[%emt 0:09:30]} Rfb8 {[%emt 0:05:30]} 25. Rhd1 {[%emt 0:07:34]} Qxc1 {[%emt 0:01:30]} 26. Rxc1 {[%emt 0:00:01]} Nc5 {[%emt 0:00:00]} 27. Ke1 {[%emt 0:01:57]} R8b3 {[%emt 0:05:00]} 28. Kf1 {[%emt 0:04:59]} Re3 {[%emt 0:03:03]} 29. Bd1 {[%emt 0:01:00]} Nxe4 {[%emt 0:05:44]} 30. Rxc6 {[%emt 0:00:11]} Bxf3 {[%emt 0:02:00]} 31. gxf3 {[%emt 0:00:34]} Rf2+ {[%emt 0:00:25]} 32. Kg1 {[%emt 0:00:15]} Re1# {[%emt 0:00:48]} 0-1

[Event "26th Zadar Open 2019"]
[Site "Zadar"]
[Date "2019.12.19"]
[Round "6.9"]
[White "Pecnik, Leo"]
[Black "Livaic, Leon"]
[Result "0-1"]
[WhiteElo "2326"]
[BlackElo "2505"]
[Annotator "RC"]
[PlyCount "56"]
[EventDate "2019.12.15"]
[EventType "swiss"]
[EventCountry "CRO"]
[SourceTitle "playchess.com"]
[Source "ChessBase"]
[SourceQuality "1"]
[TimeControl "40/5400+30:1800+30"]

1. c4 {[%emt 0:02:30]} e5 {[%emt 0:01:30]} 2. Nc3 {[%emt 0:00:30]} Nc6 {[%emt 0:00:30]} 3. e3 {[%emt 0:00:30]} Nf6 {[%emt 0:00:30]} 4. Nf3 {[%emt 0:04:30]} Bb4 {[%emt 0:00:30]} 5. Qc2 {[%emt 0:05:30]} Bxc3 {[%emt 0:01:30]} 6. Qxc3 {[%emt 0:00:30]} Qe7 {[%emt 0:00:00]} 7. d3 {[%emt 0:01:30]} d5 {[%emt 0:02:00]} 8. Be2 {[%emt 0:06:30]} e4 {[%emt 0:08:30]} 9. dxe4 {[%emt 0:15:30]} dxe4 {[%emt 0:00:00]} 10. Nd4 {[%emt 0:00:00]} Ne5 {[%emt 0:00:00]} 11. b3 {[%emt 0:00:00]} c5 {[%emt 0:02:30]} 12. Nb5 {[%emt 0:08:30]} a6 {[%emt 0:01:30]} 13. Bb2 {[%emt 0:01:30]} Nd3+ {[%emt 0:02:30]} 14. Bxd3 {[%emt 0:00:00]} exd3 {[%emt 0:00:30]} 15. Na3 {[%emt 0:12:00]} Bf5 {[%emt 0:04:30]} 16. Nb1 {[%emt 0:10:30]} O-O-O {[%emt 0:06:30]} 17. Qe5 {[%emt 0:01:30]} Be6 {[%emt 0:01:30]} 18. Nd2 {[%emt 0:06:30]} h5 {[%emt 0:01:30]} 19. Qg5 {[%emt 0:01:30]} Rh6 {[%emt 0:03:30]} 20. Qxg7 {[%emt 0:09:25]} Ng4 {[%emt 0:01:30]} 21. h3 {[%emt 0:01:35]} Rg6 {[%emt 0:00:30]} 22. Qc3 {[%emt 0:00:14]} Nxf2 {[%emt 0:02:30]} 23. Rf1 {[%emt 0:06:49]} Bxh3 {[%emt 0:05:30]} 24. Kxf2 {[%emt 0:03:17]} Qh4+ {[%emt 0:02:30]} 25. Kg1 {[%emt 0:00:28]} Rxg2+ {[%emt 0:00:00]} 26. Kh1 {[%emt 0:00:04]} Qg3 {[%emt 0:00:00]} 27. Nf3 {[%emt 0:00:33]} Rh2+ {[%emt 0:00:30]} 28. Nxh2 {[%emt 0:00:05]} Qg2# {[%emt 0:00:00]} 0-1

[Event "26th Zadar Open 2019"]
[Site "Zadar"]
[Date "2019.12.19"]
[Round "6.10"]
[White "Martinovic, Sasa"]
[Black "Plenkovic, Zdenko"]
[Result "0-1"]
[WhiteElo "2544"]
[BlackElo "2355"]
[Annotator "TA"]
[PlyCount "80"]
[EventDate "2019.12.15"]
[EventType "swiss"]
[EventCountry "CRO"]
[SourceTitle "playchess.com"]
[Source "ChessBase"]
[SourceQuality "1"]

{[%evp 21,82,29,62,52,45,56,72,78,120,107,110,38,47,46,81,69,104,81,65,78,65,56,142,120,128,136,120,110,206,207,226,204,216,221,206,239,227,227,228,226,192,266,183,0,0,0,0,0,127,0,0,0,0,-637,-625,-29980,-29981,-29988,-29989,-29994,-29995,-29995,-29996]} 1. d4 Nf6 2. c4 g6 3. Nc3 Bg7 4. e4 d6 5. Nf3 O-O 6. h3 e5 7. d5 a5 8. Be3 Na6 9. g4 Nc5 10. Nd2 c6 11. Be2 Bd7 12. g5 {E92: King's Indian: Classical: 6 Be2 e5: 7 dxe5, 7 Be3 and Petrosian System without 7...Nbd7} (12. h4 cxd5 13. cxd5 Rc8 14. g5 Nh5 15. Bxc5 Rxc5 16. Bxh5 gxh5 17. Qxh5 b5 18. a4 bxa4 19. Qd1 Qc7 20. Nxa4 {0-1 (45) Grischuk,A (2751)-Naiditsch,A (2686) Novi Sad 2016}) 12... Ne8 13. h4 f6 14. Nb3 {White is better.} Nxb3 15. Qxb3 c5 $146 ({Predecessor:} 15... a4 16. Nxa4 Qa5+ 17. Nc3 c5 18. Bd2 Qd8 19. Rh2 Rf7 {1-0 (59) Weber,M (2160)-Riegler,D (2075) Saarbruecken 2015}) 16. O-O-O (16. Qxb7 $6 Rb8 $11) (16. a4 $1 $16) 16... a4 $14 17. Qc2 a3 18. b3 fxg5 19. hxg5 Rf7 20. Rh2 Bf8 21. Rdh1 Be7 (21... Nc7 $14) 22. Qd2 Nc7 23. f4 exf4 24. Bxf4 Rxf4 (24... Na6 $16) 25. Rxh7 $18 {Rh8+ would kill now.} Bxg5 (25... Rf8 $2 26. Qf4 $1 $18 {[%mdl 512]}) 26. Rh8+ Kg7 27. R1h7+ (27. Rxd8 Rxd8 28. Kc2 Na6 $16) 27... Kf6 28. Rxd8 Rxd8 29. Kc2 Rh4 30. Rf7+ $1 {[%mdl 64] Deflection} ({Don't play} 30. e5+ $6 dxe5 31. Rf7+ Kxf7 $16) 30... Kxf7 31. Qxg5 {[%mdl 64] Double Attack} Rdh8 32. Kd2 $2 (32. e5 $1 $18 Bf5+ 33. Kc1) 32... Ne8 $1 $11 33. Qd8 Nf6 34. Qc7 Rh3 {[#]} (34... g5 $11 {keeps the balance.}) 35. Bd3 ({Of course not} 35. Qxb7 $6 Re8 $11) (35. Bg4 $1 $16 {[%cal Rg4d7][%mdl 512]} Rh2+ (35... Nxg4 36. Qxd7+) 36. Kc1 (36. Kd3 Nxg4 37. Qxd7+ {[%mdl 64] Double Attack} Kg8 $11)) 35... Rf3 {Strongly threatening ...Rhh3.} 36. Qxd6 {Hoping for e5.} Rhh3 37. Bb1 $2 {[%mdl 8192]} (37. e5 $11 Rxd3+ {[%mdl 64] Double Attack} 38. Ke1 Rde3+ 39. Kd2 Rd3+ 40. Ke1 Rde3+ 41. Kd2 Rd3+) 37... Rf2+ $19 38. Ke1 Rb2 {[%cal Rh3h1] Black mates.} 39. Bd3 Rxd3 40. e5 Re3+ 0-1

[Event "26th Zadar Open 2019"]
[Site "Zadar"]
[Date "2019.12.19"]
[Round "6.11"]
[White "Mitev, Valentin"]
[Black "Doric, Darko"]
[Result "0-1"]
[WhiteElo "2233"]
[BlackElo "2492"]
[Annotator "TA"]
[PlyCount "112"]
[EventDate "2019.12.15"]
[EventType "swiss"]
[EventCountry "CRO"]
[SourceTitle "playchess.com"]
[Source "ChessBase"]
[SourceQuality "1"]

{[%evp 25,112,0,27,0,0,10,1,0,0,0,0,0,0,0,0,0,0,0,0,0,6,0,7,0,0,0,0,-13,0,0,0,-22,-26,-26,-24,-37,-33,-41,-27,-28,0,-10,0,0,0,0,0,0,0,0,0,-16,0,-13,0,-20,0,-40,-36,-45,-49,-80,-90,-138,-131,-117,-104,-123,-91,-132,-116,-258,-277,-264,-265,-247,-231,-477,-498,-423,-398,-486,-481,-613,-616,-1274,-1237,-840,-897]} 1. d4 d5 2. c4 e6 3. Nc3 Nf6 4. cxd5 Nxd5 5. e4 Nxc3 6. bxc3 c5 7. Nf3 cxd4 8. cxd4 Bb4+ 9. Bd2 Bxd2+ 10. Qxd2 O-O 11. Be2 b6 12. O-O Bb7 13. Qe3 Nd7 14. Rfc1 {D41: Queen's Gambit Declined: Semi-Tarrasch with 5 cxd5} (14. Rfd1 Qe7 15. a4 Rab8 16. a5 b5 17. d5 exd5 18. a6 Ba8 19. Qxa7 Rfd8 20. e5 b4 21. Rac1 b3 {½-½ (44) Lenic,L (2650)-Hera,I (2616) Hungary 2017}) 14... Nf6 15. Bd3 Qe7 $146 ({Predecessor:} 15... Qd7 16. Rc3 Rfc8 17. Rac1 Rxc3 18. Rxc3 Rc8 {½-½ (18) Flohr,S-Lilienthal,A Balatonfured 1960}) 16. Rc3 {The position is equal.} Rfc8 17. Rac1 Qd8 18. h3 Rxc3 19. Rxc3 Rc8 20. Ra3 Ra8 21. Rc3 h6 22. Ne5 Qe7 23. Qc1 {[#] And now Rc7 would win.} Ne8 24. Qf4 Rd8 25. Nf3 Qd6 26. Qh4 Rc8 27. Rxc8 Bxc8 28. e5 Qd7 29. Nd2 Bb7 30. Kh2 Kf8 31. Qf4 Bd5 32. a3 b5 33. Nf1 a6 34. Qd2 Nc7 35. Qb4+ Ke8 36. Ne3 Bc6 37. Qc5 Nd5 38. Be4 Ne7 39. Bd3 Qb7 40. f3 Nc8 41. Be4 Bxe4 42. fxe4 Nb6 43. d5 Nd7 $36 {[%mdl 2048] Keeping White busy.} 44. Qd6 Qb6 45. Qxb6 Nxb6 $17 {[%mdl 4096] Endgame KN-KN} 46. Kg3 a5 47. Kf3 Nd7 48. Nc2 (48. Kf4 $17) 48... Nxe5+ $19 49. Ke3 {[#]} Kd7 $1 50. Kd4 Kd6 51. Na1 $2 (51. Ne3) 51... exd5 52. exd5 a4 53. Nc2 Nc4 {Black is clearly winning.} 54. Nb4 Nxa3 55. Nc6 Nc2+ 56. Kc3 Ne3 {[%mdl 64] Double Attack. Accuracy: White = 50%, Black = 78%.} 0-1

[Event "26th Zadar Open 2019"]
[Site "Zadar"]
[Date "2019.12.19"]
[Round "6.12"]
[White "Galperin, Platon"]
[Black "Antova, Gabriela"]
[Result "1-0"]
[WhiteElo "2462"]
[BlackElo "2314"]
[Annotator "ChessBase"]
[PlyCount "83"]
[EventDate "2019.12.15"]
[EventType "swiss"]
[EventCountry "CRO"]
[SourceTitle "playchess.com"]
[Source "ChessBase"]
[SourceQuality "1"]
[TimeControl "40/5400+30:1800+30"]

1. e4 {[%emt 0:10:30]} e5 {[%emt 0:00:30]} 2. Bc4 {[%emt 0:00:30]} Nf6 {[%emt 0:00:30]} 3. d3 {[%emt 0:00:30]} c6 {[%emt 0:00:30]} 4. Bb3 {[%emt 0:00:30]} d5 {[%emt 0:00:30]} 5. Nf3 {[%emt 0:00:30]} Bb4+ {[%emt 0:02:30]} 6. Bd2 {[%emt 0:00:30]} Bxd2+ {[%emt 0:02:30]} 7. Qxd2 {[%emt 0:00:00]} Nbd7 {[%emt 0:01:30]} 8. Nc3 {[%emt 0:01:00]} d4 {[%emt 0:07:30]} 9. Ne2 {[%emt 0:00:00]} Qe7 {[%emt 0:01:30]} 10. Ng3 {[%emt 0:12:00]} g6 {[%emt 0:16:30]} 11. Ng5 {[%emt 0:02:30]} O-O {[%emt 0:01:30]} 12. h4 {[%emt 0:00:30]} h5 {[%emt 0:02:30]} 13. a3 {[%emt 0:20:30]} Nc5 {[%emt 0:04:30]} 14. Ba2 {[%emt 0:00:00]} Be6 {[%emt 0:01:30]} 15. Nxe6 {[%emt 0:00:00]} Nxe6 {[%emt 0:00:30]} 16. f3 {[%emt 0:01:30]} Nf4 {[%emt 0:07:30]} 17. O-O-O {[%emt 0:02:30]} b5 {[%emt 0:03:30]} 18. Nf1 {[%emt 0:04:30]} Kg7 {[%emt 0:08:30]} 19. Nh2 {[%emt 0:00:30]} c5 {[%emt 0:02:30]} 20. g3 {[%emt 0:00:30]} Ne6 {[%emt 0:00:30]} 21. f4 {[%emt 0:00:30]} Rac8 {[%emt 0:05:30]} 22. f5 {[%emt 0:05:30]} Nd8 {[%emt 0:01:30]} 23. g4 {[%emt 0:00:30]} Nxg4 {[%emt 0:08:56]} 24. Nxg4 {[%emt 0:00:30]} hxg4 {[%emt 0:00:02]} 25. Rdf1 {[%emt 0:07:30]} f6 {[%emt 0:04:42]} 26. Rhg1 {[%emt 0:03:30]} gxf5 {[%emt 0:02:40]} 27. exf5 {[%emt 0:00:30]} c4 {[%emt 0:00:33]} 28. Rxg4+ {[%emt 0:00:30]} Kf7 {[%emt 0:00:15]} 29. h5 {[%emt 0:04:30]} Ke8 {[%emt 0:00:38]} 30. h6 {[%emt 0:00:30]} Nf7 {[%emt 0:05:48]} 31. Rg7 {[%emt 0:03:28]} Qc5 {[%emt 0:00:43]} 32. Kb1 {[%emt 0:00:10]} Ke7 {[%emt 0:01:05]} 33. Qg2 {[%emt 0:00:09]} Kd6 {[%emt 0:03:00]} 34. Qg6 {[%emt 0:04:57]} Ng5 {[%emt 0:01:40]} 35. h7 {[%emt 0:00:30]} cxd3 {[%emt 0:00:03]} 36. cxd3 {[%emt 0:00:04]} Qc2+ {[%emt 0:00:49]} 37. Ka1 {[%emt 0:00:30]} Qxd3 {[%emt 0:00:41]} 38. Rh1 {[%emt 0:00:30]} Qd2 {[%emt 0:01:51]} 39. h8=Q {[%emt 0:00:37]} Rc1+ {[%emt 0:00:32]} 40. Rxc1 {[%emt 0:00:23]} Qxc1+ {[%emt 0:00:09]} 41. Bb1 {[%emt 0:30:00]} Rxh8 {[%emt 0:30:35]} 42. Qxf6+ {[%emt 0:00:06]} 1-0

[Event "26th Zadar Open 2019"]
[Site "Zadar"]
[Date "2019.12.19"]
[Round "6.13"]
[White "Spalir, Jernej"]
[Black "Chan, Kim Yew"]
[Result "1/2-1/2"]
[WhiteElo "2429"]
[BlackElo "2245"]
[Annotator "ChessBase"]
[PlyCount "70"]
[EventDate "2019.12.15"]
[EventType "swiss"]
[EventCountry "CRO"]
[SourceTitle "playchess.com"]
[Source "ChessBase"]
[SourceQuality "1"]
[TimeControl "40/5400+30:1800+30"]

1. e4 {[%emt 0:00:30]} c5 {[%emt 0:00:30]} 2. Nf3 {[%emt 0:00:00]} Nc6 {[%emt 0:00:30]} 3. d4 {[%emt 0:00:00]} cxd4 {[%emt 0:00:00]} 4. Nxd4 {[%emt 0:00:00]} g6 {[%emt 0:01:00]} 5. c4 {[%emt 0:01:00]} Nf6 {[%emt 0:00:30]} 6. Nc3 {[%emt 0:00:30]} d6 {[%emt 0:00:30]} 7. Be2 {[%emt 0:00:00]} Nxd4 {[%emt 0:00:00]} 8. Qxd4 {[%emt 0:00:00]} Bg7 {[%emt 0:00:00]} 9. Be3 {[%emt 0:00:30]} O-O {[%emt 0:00:00]} 10. Qd2 {[%emt 0:00:00]} Be6 {[%emt 0:00:00]} 11. Rc1 {[%emt 0:00:00]} Qa5 {[%emt 0:00:30]} 12. b3 {[%emt 0:00:30]} Rfc8 {[%emt 0:00:00]} 13. f3 {[%emt 0:00:00]} a6 {[%emt 0:00:00]} 14. Na4 {[%emt 0:00:00]} Qxd2+ {[%emt 0:00:30]} 15. Kxd2 {[%emt 0:00:30]} Nd7 {[%emt 0:00:00]} 16. g4 {[%emt 0:00:30]} f5 {[%emt 0:00:00]} 17. gxf5 {[%emt 0:00:00]} gxf5 {[%emt 0:00:30]} 18. Rhg1 {[%emt 0:00:00]} Kh8 {[%emt 0:00:30]} 19. Nc3 {[%emt 0:01:30]} Rf8 {[%emt 0:02:30]} 20. Nd5 {[%emt 0:06:30]} Bxd5 {[%emt 0:00:30]} 21. exd5 {[%emt 0:00:00]} f4 {[%emt 0:04:30]} 22. Bf2 {[%emt 0:02:00]} b5 {[%emt 0:16:30]} 23. cxb5 {[%emt 0:30:30]} axb5 {[%emt 0:00:30]} 24. Bxb5 {[%emt 0:00:30]} Rxa2+ {[%emt 0:04:30]} 25. Rc2 {[%emt 0:00:30]} Rxc2+ {[%emt 0:01:30]} 26. Kxc2 {[%emt 0:00:30]} Ra8 {[%emt 0:19:30]} 27. Ba4 {[%emt 0:28:30]} Nc5 {[%emt 0:12:30]} 28. Bh4 {[%emt 0:01:30]} Nxa4 {[%emt 0:01:30]} 29. bxa4 {[%emt 0:00:30]} Rxa4 {[%emt 0:01:30]} 30. Bxe7 {[%emt 0:00:30]} Be5 {[%emt 0:05:30]} 31. Rg5 {[%emt 0:05:30]} Ra7 {[%emt 0:14:36]} 32. Bf8 {[%emt 0:04:31]} Ra8 {[%emt 0:06:14]} 33. Be7 {[%emt 0:00:05]} Ra7 {[%emt 0:00:10]} 34. Bf8 {[%emt 0:00:05]} Ra8 {[%emt 0:05:18]} 35. Be7 {[%emt 0:00:19]} Ra7 {[%emt 0:01:35]} 1/2-1/2